| 000 | 00723nam a2200241 a 4500 | ||
|---|---|---|---|
| 001 | 9150 | ||
| 003 | BD-RjUL | ||
| 005 | 20211208234727.0 | ||
| 008 | 170102s1982 txua 001 0 eng | ||
| 020 | _a0256025657 : | ||
| 035 | _a(BD-RjUL)9195 | ||
| 040 |
_aDLC _cDLC _dBD-RjUL _beng |
||
| 041 | _aeng | ||
| 082 | 0 | 0 |
_a513.93 _223 _bMAM 1982 |
| 100 | 1 |
_aMacPherson, M. D. _928399 |
|
| 245 | 1 | 0 |
_aMathematics applied to business problems / _cM.D. MacPherson |
| 260 |
_aIrwin-Dorsey : _bBusiness publications, _cc1982. |
||
| 300 |
_aix, 340 p. : _bill. ; _c28 cm. |
||
| 500 | _aIncludes index. | ||
| 650 | 0 |
_aBusiness mathematics _xProblems, exercises, etc. _928400 |
|
| 650 | 0 |
_aBusiness mathematics. _9181066 |
|
| 942 |
_2ddc _cBK |
||
| 999 |
_c9150 _d9150 |
||